<?xml version="1.0" encoding="UTF-8"?>
<record
    xmlns:xsi="http://www.w3.org/2001/XMLSchema-instance"
    xsi:schemaLocation="http://www.loc.gov/MARC21/slim http://www.loc.gov/standards/marcxml/schema/MARC21slim.xsd"
    xmlns="http://www.loc.gov/MARC21/slim">

  <leader>00701nam a22002057a 4500</leader>
  <controlfield tag="003">OSt</controlfield>
  <controlfield tag="005">20250924005208.0</controlfield>
  <controlfield tag="008">250924t2014    |||||||| |||| 00| | eng d</controlfield>
  <datafield tag="020" ind1=" " ind2=" ">
    <subfield code="a">978-0-14-312753-6</subfield>
  </datafield>
  <datafield tag="040" ind1=" " ind2=" ">
    <subfield code="c">JMCFI - Learning Resource Center</subfield>
  </datafield>
  <datafield tag="082" ind1=" " ind2=" ">
    <subfield code="a">F.P./G.Ed. 510 El45 2014</subfield>
  </datafield>
  <datafield tag="100" ind1=" " ind2=" ">
    <subfield code="a">Ellenberg, Jordan</subfield>
    <subfield code="9">42935</subfield>
  </datafield>
  <datafield tag="245" ind1=" " ind2=" ">
    <subfield code="a">How not to be wrong :</subfield>
    <subfield code="b">the power of mathematical thinking /</subfield>
    <subfield code="c">Jordan Ellenberg.</subfield>
  </datafield>
  <datafield tag="260" ind1=" " ind2=" ">
    <subfield code="a">New York :</subfield>
    <subfield code="b">Penguin Books,</subfield>
    <subfield code="c">2014.</subfield>
  </datafield>
  <datafield tag="300" ind1=" " ind2=" ">
    <subfield code="a">[xii], 468 pages :</subfield>
    <subfield code="b">black and white, illus. ;</subfield>
    <subfield code="c">22 cm</subfield>
  </datafield>
  <datafield tag="500" ind1=" " ind2=" ">
    <subfield code="a">Includes indexes.</subfield>
  </datafield>
  <datafield tag="650" ind1=" " ind2=" ">
    <subfield code="a">Mathematics</subfield>
    <subfield code="x">Miscellanea.</subfield>
    <subfield code="9">42936</subfield>
  </datafield>
  <datafield tag="650" ind1=" " ind2=" ">
    <subfield code="a">Mathematical analysis</subfield>
    <subfield code="x">Miscellanea.</subfield>
    <subfield code="9">42937</subfield>
  </datafield>
  <datafield tag="942" ind1=" " ind2=" ">
    <subfield code="2">ddc</subfield>
    <subfield code="c">BK</subfield>
    <subfield code="n">0</subfield>
  </datafield>
  <datafield tag="999" ind1=" " ind2=" ">
    <subfield code="c">13929</subfield>
    <subfield code="d">13929</subfield>
  </datafield>
  <datafield tag="952" ind1=" " ind2=" ">
    <subfield code="0">0</subfield>
    <subfield code="1">0</subfield>
    <subfield code="2">ddc</subfield>
    <subfield code="4">0</subfield>
    <subfield code="7">0</subfield>
    <subfield code="a">JMC</subfield>
    <subfield code="b">JMC</subfield>
    <subfield code="c">F.P./G. Ed.</subfield>
    <subfield code="d">2018-08-16</subfield>
    <subfield code="l">0</subfield>
    <subfield code="o">F.P./G.Ed. 510 El45 2014</subfield>
    <subfield code="p">00009395</subfield>
    <subfield code="r">2025-09-24</subfield>
    <subfield code="t">1</subfield>
    <subfield code="w">2025-09-24</subfield>
    <subfield code="y">BK</subfield>
  </datafield>
</record>
